Czy wiesz kto wygrał tę wojnę - Statystyki

Ogólne statystyki
  • Ten quiz został rozwiązany 1 072 razy
  • Średni wynik to 10 z 16
Statystyki odpowiedzi
Zagadnienie Odpowiedź % Poprawnych
II Wojna Światowa (1939-1945) ZSRR USA Wielka Brytania
100%
Wojna 13-letnia (1454-1466) Polska Litwa
90%
I Wojna Światowa (1914-1919) Wielka Brytania Francja USA
90%
Najazdy muzułmanów na Galię (719-759) Królestwo Franków
80%
Zimna Wojna USA
80%
Wojna rosyjsko-japońska (1904-1905) Cesarstwo Japońskie
70%
Wojny punickie (264-146 p.n.e.) Rzym
70%
Wojna secesyjna (1861-1865) Unia
70%
Wojna Osmańsko-Mamelucka (1516-1517) Imperium Osmańskie
60%
Wojny napoleońskie (1799–1815) Imperium Rosyjskie Wielka Brytania Prusy Austria Hiszpania
60%
Wojna Stuletnia (1337–1453) Francja
50%
Wojna Abazy paszy (1633–1634) Status quo
50%
Wojna japońsko-koreańska (1592-1598) Korea Dynastia Ming
40%
I Mongolska Inwazja na Japonie (1273) Siogunat Japoński
40%
Wojna 7-letnia (1756-1763) Wielka Brytania Prusy
40%
Wojna Zimowa ZSRR
30%
Nie znaleziono quizów pasujących do podanych kryteriów
Rozkład punktacji
Procent ludzi z każdym wynikiem
Percentyl według liczby udzielonych odpowiedzi
Twoja historia wyników
Nie rozwiązałeś tego quizu